Análisis micromecánico de matrices asfálticas finas para la obtención de módulos de cortante y flexión y generación de curvas maestras
Uloženo v:
| Hlavní autor: | |
|---|---|
| Médium: | Kniha |
| Jazyk: | Spanish |
| Vydáno: |
[San José], Costa Rica
2014
|
| Témata: | |
| Tagy: |
Přidat tag
Žádné tagy, Buďte první, kdo vytvoří štítek k tomuto záznamu!
|
MARC
| LEADER | 00000nam a22000007a 4500 | ||
|---|---|---|---|
| 003 | 011958 | ||
| 005 | 20221231143859.0 | ||
| 008 | 150309b2014 cr |||| |||| 00| 0 spa d | ||
| 040 | |c cru CEDI | ||
| 090 | |a TFG 7124 | ||
| 100 | |9 365 |a Miranda Argüello, Fabiola | ||
| 245 | |a Análisis micromecánico de matrices asfálticas finas para la obtención de módulos de cortante y flexión y generación de curvas maestras | ||
| 260 | |a [San José], Costa Rica |c 2014 | ||
| 500 | |a Proyecto de graduación (licenciatura en ingeniería civil)--Universidad de Costa Rica. Facultad de Ingeniería. Escuela de Ingeniería Civi | ||
| 650 | |x MEZCLAS DE EMULSION ASFALTICA - PRUEBAS |x MEZCLAS DE EMULSION ASFALTICA - PROPIEDADES MECANICAS |x MICROESTRUCTURA |x ENSAYO DINAMICO DE MATERIALES |x ESFUERZO CORTANTE - PRUEBAS |x FLEXION LATERAL - PRUEBAS |x ANALISIS DE VARIANZA |x PAVIMENTOS BITUMINOSOS |x VISCOELASTICIDAD |9 366 | ||
| 942 | |c TFG | ||
| 999 | |c 13657 |d 13657 | ||
